| 000 | 01073nam a2200253 4500 | ||
|---|---|---|---|
| 003 | OSt | ||
| 005 | 20260530113917.0 | ||
| 008 | 260508b1968 xxu||||| |||| 00| 0 eng d | ||
| 040 |
_aICI _bspa _cICI _erda |
||
| 050 | 0 | 0 |
_aNC998 _bA33 1968 |
| 100 | _eautor | ||
| 110 | 2 |
_aArt Directors Club (New York, N.Y.) _934229 |
|
| 245 | 1 | 4 |
_aThe 47th annual of advertising, editorial & television art & design / _cArt Directors Club of New York ; editor, Richard MacFarlane. |
| 264 | 1 |
_aNew York : _b Published by Watson-Guptill Publications for the Art Directors Club of New York, _c1968. |
|
| 300 |
_a1 volumen (sin paginar) : _b ilustraciones (algunas a color) ; |
||
| 336 |
_2rdacontent _atexto |
||
| 337 |
_2rdamedia _asin medio |
||
| 338 |
_2rdacarrier _avolumen |
||
| 500 | _aBasado en la 47ª Exposición Anual del Art Directors Club de Nueva York. | ||
| 650 | 4 |
_aPublicidad _v Anuarios. _xArte comercial _zEstados Unidos _934230 |
|
| 650 | 4 |
_aDiseño gráfico _v Anuarios. _zEstados Unidos _934231 |
|
| 700 | 1 |
_aMacFarlane, Richard, _eeditor. _934232 |
|
| 942 |
_2lcc _n1 _cBK |
||
| 999 |
_c12327 _d12327 |
||